LEADER 01607nam1 2200385 i 450 001 MOD0868405 005 20231121125555.0 100 $a20040809g2004 ||||0itac50 ba 101 | $aita 102 $ait 181 1$6z01$ai $bxxxe 182 1$6z01$an 200 1 $aOpere scelte$fWilliam Faulkner 210 $aMilano$cA. Mondadori 215 $a v.$d18 cm. 225 | $a˜I œmeridiani 410 0$1001RAV0094802$12001 $a˜I œmeridiani 463 1$1001MOD0868426$12000 $a2$fWilliam Faulkner$ga cura di Fernanda Pivano$v2 463 1$1001MOD0884907$12000 $a1$fWilliam Faulkner$ga cura di Fernanda Pivano$v1 463 1$1001UBO2730573$12000 $a1$fWilliam Faulkner$ga cura di Fernanda Pivano$v1 676 $a813.52$9Narrativa americana in lingua inglese, 1900- 1945$v21 700 1$aFaulkner$b, William$3CFIV007389$4070$0131662 790 1$aTrueblood$b, Ernest V.$3SBNV029709$zFaulkner, William 801 3$aIT$bIT-01$c20040809 850 $aIT-RM028 $aIT-RM0289 $aIT-RM0290 $aIT-FR0084 $aIT-FR0017 899 $aBiblioteca Universitaria Alessandrina$bRM028 899 $aBiblioteca Statale A. Baldini$bRM0289 899 $aBIBLIOTECA ANGELICA$bRM0290 899 $aBiblioteca Del Monumento Nazionale Di Montecassino$bFR0084 899 $aBiblioteca umanistica Giorgio Aprea$bFR0017 912 $aMOD0868405 950 1$aBiblioteca umanistica Giorgio Aprea$d 52MAG 5 Coll C 126.2 977 $a 01$a 04$a 06$a 25$a 52 996 $aOpere scelte$91099729 997 $aUNICAS